[Event "Internet Section 06A g/8'+2\""]
[Site "Dos Hermanas"]
[Date "2004.03.06"]
[Round "6"]
[White "Gopikrishna, CH."]
[Black "Schuilenburg, H."]
[Result "0-1"]
[WhiteElo "2028"]
[BlackElo "1854"]
[PlyCount "34"]
[EventDate "2004.03.06"]
[EventType "swiss (blitz)"]
[EventRounds "9"]
[EventCountry "ESP"]
[SourceTitle "CBM 099 Extra"]
[Source "ChessBase"]
[SourceDate "2004.05.04"]
[SourceVersion "1"]
[SourceVersionDate "2004.05.04"]
[SourceQuality "1"]

1. c4 d6 2. Nc3 Nf6 3. d4 g6 4. Nf3 Bg7 5. Bg5 h6 6. Bf4 0-0 7. Qd2 Kh7 8. e3 c6 9. Bd3 Bg4 10. Ne4 Bxf3 11. gxf3 Nbd7 12. h4 e5 13. Nxf6+ Bxf6 14. Bxh6 Kxh6 15. e4+ Kg7 16. d5 Bxh4 17. 0-0-0 Bg5 0-1